000
00322nam a2200133Ia 4500
005
20251222155111.0
008
251222s9999||||xx |||||||||||||| ||spa||
082
_a
ESC.104
100
_a
Klainberg.Holzemer
245
0
_a
EnfermerÃa salud comunitaria
250
_a
1ra. ed.
264
_b
McGraw-Hill-Inter.
942
_c
LIB
999
_c
38069
_d
38069